000 00239 a2200097 4500
001 57588
100 _a
245 _aQuran on creation and expansion of the universe
260 _aLahore
_bMinhaj ul Quran
_c
090 _c35323
_d35323
942 _aNUST-CAE
_cMONOGRAPH
_c28140
999 _c292661
_d292661